| 000 | 00604nam a22001697a 4500 | ||
|---|---|---|---|
| 003 | NUST | ||
| 038 | _aNusrat Nadeem | ||
| 082 | _a200 | ||
| 100 |
_aPervaiz, Iqra _9125916 |
||
| 245 |
_aDesigning and Evaluating a Personalized Learning Path Recommendation System in a Formal E-Learning Setting/ _cIqra Pervaiz, |
||
| 264 |
_aIslamabad; _bSEECS NUST; _c2024. |
||
| 300 |
_a91,p; _bill; _c30,cm. |
||
| 650 |
_aMS-Innovative Technologies in Learning (MS-ITL) _9125917 |
||
| 700 |
_aSupervisor: Dr. Arham Muslim _9104694 |
||
| 856 | _u http://10.250.8.41:8080/xmlui/handle/123456789/46461 | ||
| 942 |
_2ddc _cSC |
||
| 999 |
_c611581 _d611581 |
||